000 00346nam a2200133 i 4500
001 bg
100 1 _aPROKOPSKI, G.
245 0 _aAnaliza związku struktury z odpornością betonów na pękanie /
_cG. Prokopski.
260 _aCzęstochowa,
_c1990.
040 _cBPK
041 _apol
942 _cKS
008 s pl f |000 0 pol
999 _c29178
_d29178
856 _uhttp://koha.tu.koszalin.pl/cgi-bin/koha/opac-detail.pl?biblionumber=29178
_yKatalog online BPK